00859nas a2200229Ia 4500001002800000003001000028008004100038040002500079041001300104100001400117210001700131222001700148245010600165250001100271260000900282501012300291300001400414362003100428500012500459650003400584700001100618A05/R043-13347 [r000010707]IT-MiCISF161014c99999999xx |||||||||||| ||und|| aIT-MiCISFcIT-MiCISF aITALIANO aLandi F.  aAnziani oggi aAnziani oggi 0aIl piano di assistenza individualizzato per anziani ospiti di residenza sanitaria assistenziale (RSA) a1a ed. c1993 bCISF - Centro Internazionale Studi Famiglia - Via Giotto, 36 20145 MILANO (non commercial uses only)cCopyright 2016 app. 19-76 aanno V, n. 1, marzo [1993] aCipriani L., Castellani M., Lattanzio F., Lassa G., Venturiero V., Bernabei R., Sgadari A. Tema: servizi-anziani, utenti aservizi alla personavdossier aAA.VV.